00478nam a22001697a 450000500170000001000150001702000260003203500140005803700130007208200120008510000150009724500600011226000410017227000550021330000210026850000190028920170817152933.0 aENG-119869 c395.00a9788182472686 aEN-103401 bDBAD/PUB a328.304 aB, Goswami aParliamentary democracy at cross roads /cby B. Goswami aPanchkula bSwastik Prakashan c2011 aS.C.O 43 First Floor Swastik Viahr MDC bPanchkula a178p. c21cm(Hb) aInclude Index